Southville International School and Colleges
Your cart is empty.
  • Cart
  • Lists
    Public lists Eva Luna New books Lux_list list_1
    Your lists Log in to create your own lists
  • Log in to your account
  • Your cookies
  • Search history
Southville International School and Colleges
  • Advanced search
  • Recent comments
  • Most popular
  • Libraries

Log in to your account

Log in with GOOGLE


If you do not have an external account, but do have a local account, you can still log in:

  1. Home
  2. MARC view: School :
Normal view MARC view ISBD view

School : (Record no. 113167)

[ view plain ]
MARC details
000 -LEADER
fixed length control field 00548nam a2200193 a 4500
001 - CONTROL NUMBER
control field 3535
005 - DATE AND TIME OF LATEST TRANSACTION
control field 20140414132005.0
008 - FIXED-LENGTH DATA ELEMENTS--GENERAL INFORMATION
fixed length control field 060509s19uu xx 00 eng d
020 ## - INTERNATIONAL STANDARD BOOK NUMBER
International Standard Book Number 0-07-602729-5
050 ## - LIBRARY OF CONGRESS CALL NUMBER
Classification number TR 372.4
Item number B35 2005
245 ## - TITLE STATEMENT
Title School :
Remainder of title SRA open court reading, L.K, Unit 1.
250 ## - EDITION STATEMENT
Edition statement Teacher's Edition
260 ## - PUBLICATION, DISTRIBUTION, ETC. (IMPRINT)
Place of publication, distribution, etc Columbus, Ohio :
Name of publisher, distributor, etc SRA/McGraw-Hill,
Date of publication, distribution, etc 2005.
300 ## - PHYSICAL DESCRIPTION
Extent 335 p. ; cm.
440 ## - SERIES STATEMENT/ADDED ENTRY--TITLE
Title SRA Open Court Reading, Red
500 ## - GENERAL NOTE
General note Includes index
650 ## - SUBJECT ADDED ENTRY--TOPICAL TERM
Topical term or geographic name as entry element Reading
General subdivision Study and teaching.
Holdings
Withdrawn status Lost status Damaged status Use restrictions Home library Current library Shelving location Date acquired Source of acquisition Total Checkouts Full call number Barcode Date last seen Price effective from Koha item type
        Munich Library Munich Library Teachers Reference Section 05/09/2006     TR 372.4 B35 2005 M4673 04/14/2014 04/14/2014 Books

School :

APA

(2005). School. Columbus, Ohio: SRA/McGraw-Hill.

Chicago

2005. School. Columbus, Ohio: SRA/McGraw-Hill.

Harvard

(2005). School. Columbus, Ohio: SRA/McGraw-Hill.

MLA

School. Columbus, Ohio: SRA/McGraw-Hill. 2005.

  • Place hold
  • Print
  • Cite
  • Add to your cart (remove)
  • Save record
    BIBTEX Dublin Core MARCXML MARC (non-Unicode/MARC-8) MARC (Unicode/UTF-8) MARC (Unicode/UTF-8, Standard) MODS (XML) RIS
  • More searches
    Search for this title in:
    Other Libraries (WorldCat) Other Databases (Google Scholar) Online Stores (Bookfinder.com) Open Library (openlibrary.org)

Exporting to Dublin Core...

SOUTHVILLE LIBRARY

Southville International School and Colleges Library

1281 Tropical Ave. Cor. Luxembourg St., BF Homes International, Las Pinas City

Tel. No. 8256374 / 252358 Loc. 117/146

Powered by Koha